Normal view
MARC view
Entry Personal Name
001 - CONTROL NUMBER
- control field: 35198
003 - CONTROL NUMBER IDENTIFIER
- control field: ARRUPE
005 - DATE AND TIME OF LATEST TRANSACTION
- control field: 20170824120237.0
008 - FIXED-LENGTH DATA ELEMENTS
- fixed length control field: 170824|| aca||aabn | a|a d
040 ## - CATALOGING SOURCE
- Original cataloging agency: ARRUPE
- Transcribing agency: ARRUPE
100 ## - HEADING--PERSONAL NAME
- Personal name: Anderson, Mark et al
670 ## - SOURCE DATA FOUND
- Source citation: Work cat.: (ARRUPE): Congress of South Africa Writers 35196, Under Lansdowne bridge, 1991